000 00484nam a2200181Ia 4500
001 9245
005 20260306160709.0
008 260306t2019||||xx |||||||||||||| ||spa||
041 _aESP
082 _a378.001
_bN97
100 _aNussbaum, Martha C.
_eAUT
245 0 _aEl cultivo de la humanidad:
_buna defensa clásica de la reforma en la educación liberal
260 _c2019
300 _a338 páginas :
_c22 cm.
650 _aGEN
654 _aCHU
942 _cLIB
_dJUS
_fJUS
_2ddc
_n
999 _c9245
_d9245